000 00789nam a2200265 a 4500
001 ASIN050034213X
003 OSt
005 20180116192417.0
008 130726s2005 xxu eng d
020 _a050034213X (hardcover)
020 _a9780500342138 (hardcover)
040 _c00
082 _a721.0448
100 1 _aPryce, Will.
_96802
245 1 0 _aArchitecture in wood /
_cWill Pryce.
250 _aFirst ed.
260 _aLondon :
_bThames & Hudson,
_c2005.
300 _a320 p. ;
_c32 cm.
500 _aImport.
520 _aArchitecture in Wood.
650 _aBuilding, Wooden
_96803
856 4 0 _3Amazon.com
_uhttp://www.amazon.com/exec/obidos/ASIN/050034213X/chopaconline-20
942 _2ddc
_cBK
999 _c353760
_d353760